logo

Bir Sreshtho Munshi Abdur Rouf Library
Jhenaidah Cadet College

Responsible Public Speaking / (Record no. 5915)

MARC details
000 -LEADER
fixed length control field 00641nam a2200241 a 4500
001 - CONTROL NUMBER
JCCL Control Number 5915
003 - CONTROL NUMBER IDENTIFIER
JCCL marc code BD-JhCC
005 - DATE AND TIME OF LATEST TRANSACTION
control field 20171230182213.0
008 - FIXED-LENGTH DATA ELEMENTS--GENERAL INFORMATION
fixed length control field 171230s n |||| || | 000 0 eng d
035 ## - SYSTEM CONTROL NUMBER
system control number (BD-JhCC)5915
040 ## - CATALOGING SOURCE
Original cataloging agency BD-JhCC
Modifying agency BD-JhCC
041 ## - LANGUAGE CODE
Language code of Book eng
082 ## - DEWEY DECIMAL CLASSIFICATION NUMBER
Classification number 421.5
Author mark and Year PAT
100 ## - MAIN ENTRY--PERSONAL NAME
Personal name Patton, Bobby R.
245 ## - TITLE STATEMENT
Title Responsible Public Speaking /
Statement of responsibility, etc Bobby R. Patton, Kim Giffin & Wil A. Linkugel
260 ## - PUBLICATION, DISTRIBUTION, ETC. (IMPRINT)
Place of publication, distribution, etc New York :
Name of publisher, distributor, etc Scott, Foresman and Company,
300 ## - PHYSICAL DESCRIPTION
Pagination 246 p. :
Dimensions 24 cm.
650 ## - SUBJECT ADDED ENTRY--TOPICAL TERM
Topical term or geographic name as entry element Public Speaking
700 ## - ADDED ENTRY--PERSONAL NAME
Personal name Giffin, Kim
700 ## - ADDED ENTRY--PERSONAL NAME
Personal name Linkugel, Wil A.
942 ## - ADDED ENTRY ELEMENTS (KOHA)
Source of classification or shelving scheme Dewey Decimal Classification
Koha item type Books
Holdings
Source of classification or shelving scheme Damaged status Not for loan Home library Current library Shelving location Date of accession Total Checkouts Full call number Barcode Date last seen Copy number Koha item type
Dewey Decimal Classification     JCC Rouf Library JCC Rouf Library General Stacks 12/30/2017   421.5 PAT 7793 12/30/2017 C - 1 Books

JCC Library | Contacts | JCC Home

Last Update on 23 September 2017
Copyright @ 2017-2020 JCC Rouf Library
Rouf Library, Jhenidah Cadet College (JCC), Bangladesh